Normal view MARC view

Entry Personal Name

Number of records used in: 1

001 - CONTROL NUMBER

  • control field: 7343

003 - CONTROL NUMBER IDENTIFIER

  • control field: OSt

005 - DATE AND TIME OF LATEST TRANSACTION

  • control field: 20211028144055.0

008 - FIXED-LENGTH DATA ELEMENTS

  • fixed length control field: 211028|| aca||aabn | a|a d

040 ## - CATALOGING SOURCE

  • Original cataloging agency: OSt
  • Transcribing agency: OSt

100 ## - HEADING--PERSONAL NAME

  • Personal name: Jubin, G Y; Suresh, Rajani.
  • Miscellaneous information: 1316070

670 ## - SOURCE DATA FOUND

  • Source citation: Work cat.: (OSt): Jubin, G Y; Suresh, Rajani. 1316070, Studyon customer satisfaction at pest services by experts building solutions Bangalore., 2015